000 00784nam a22002057a 4500
008 131113b xxu||||| |||| 00| 0 ger d
020 _a3852681006
041 0 _ager
080 _a339.138
_x(436)
100 1 _aBergant, Josef Martin
245 1 0 _aMarketing für forschung und entwicklung forschungsmarketing in österreich :
_cJosef Martin Bergant
260 _aWien :
_bVerlag A. Schendl ;
_c1989.
300 _a260 f. :
_bme il. ;
_c25 cm.
500 _aVorwort : f. 5
505 _aLiteraturverzeichnis : f. 230-232
520 _aSummary : f. 228
650 _aMarketingu
_zAustria
650 _aZhvillimi
_zAustria
942 _2udc
_cBK
999 _c293
_d293